[Event "Tournoi Skype 031B"]
[Site "Skype"]
[Date "????.??.??"]
[Round "7.3"]
[White "De Nobrega, George"]
[Black "De Coninck, Philippe"]
[Result "1-0"]
[WhiteElo "1181"]
[BlackElo "1290"]
[PlyCount "65"]

1. e4 c6 2. Nf3 Nf6 3. Nc3 e6 4. a3 Bc5 5. h3 d5 6. exd5 exd5 7. d4 Bb6 8. Be2
O-O 9. O-O Bf5 10. Bd3 Bxd3 11. Qxd3 Nbd7 12. Re1 Ba5 13. Bd2 Bxc3 14. Bxc3 Ne4
15. Bb4 Re8 16. c4 a5 17. Bc3 Nb6 18. cxd5 cxd5 19. Rac1 Na4 20. Nd2 Nexc3 21.
bxc3 Rxe1+ 22. Rxe1 Rc8 23. Rc1 h6 24. c4 dxc4 25. Rxc4 Nb2 26. Rxc8 Qxc8 27.
Qb3 Qc1+ 28. Nf1 Nc4 29. Qd3 Nxa3 30. d5 Kf8 31. d6 Ke8 32. Qe4+ Kd7 33. Qe7+
1-0

[Event "Tournoi Skype 031B"]
[Site "Skype"]
[Date "????.??.??"]
[Round "7.4"]
[White "Raut, Suryakant"]
[Black "Ruiz Aguilera, Juan Jesus"]
[Result "1-0"]
[WhiteElo "1249"]
[BlackElo "1116"]
[PlyCount "33"]

1. e4 c5 2. Nf3 Nc6 3. c3 Nf6 4. d3 d5 5. exd5 Qxd5 6. Be2 Bg4 7. O-O O-O-O 8.
Nbd2 Kb8 9. a3 e5 10. b4 Bxf3 11. Bxf3 Qxd3 12. Bxc6 bxc6 13. Qb3 Qd5 14. Nc4
Qe4 15. bxc5+ Ka8 16. Rb1 Rd7 17. Qb8# 1-0

[Event "Tournoi Skype 031B"]
[Site "Skype"]
[Date "????.??.??"]
[Round "7.5"]
[White "Franco Flores, Ximena"]
[Black "Moraga Vasquez, Michael"]
[Result "1-0"]
[WhiteElo "1074"]
[BlackElo "1236"]
[PlyCount "39"]

1. e4 e5 2. Nf3 Nc6 3. Bc4 Bc5 4. c3 Nf6 5. d3 h6 6. Nbd2 d6 7. d4 exd4 8. cxd4
Bb6 9. O-O O-O 10. Re1 Nxd4 11. Nxd4 Bxd4 12. Nf3 Bb6 13. Bd2 Re8 14. Qc2 Bg4
15. Nh4 Nxe4 16. Rxe4 Qxh4 17. Rf4 Re7 18. h3 g5 19. Qg6+ Kh8 20. Bc3+ 1-0

[Event "Tournoi Skype 031B"]
[Site "Skype"]
[Date "????.??.??"]
[Round "7.6"]
[White "Cockayne, Curtis"]
[Black "Ruiz Gomez, Luz Alba"]
[Result "1-0"]
[WhiteElo "1383"]
[BlackElo "1201"]
[PlyCount "37"]

1. d4 Nf6 2. Nc3 c5 3. Bf4 a6 4. dxc5 e6 5. b4 Be7 6. Nf3 Nc6 7. a3 d6 8. cxd6
Bxd6 9. Bxd6 Bd7 10. e3 Nd5 11. Nxd5 exd5 12. Qxd5 Be6 13. Qd2 Qf6 14. Rd1 Rd8
15. b5 Na5 16. Qxa5 Bg4 17. bxa6 Rxd6 18. a7 O-O 19. a8=Q 1-0

[Event "Tournoi Skype 031B"]
[Site "Skype"]
[Date "????.??.??"]
[Round "7.7"]
[White "Battaglia, Gabriele"]
[Black "Fedeli, Emma"]
[Result "0-1"]
[WhiteElo "1228"]
[BlackElo "1273"]
[PlyCount "32"]

1. c4 c5 2. Nf3 Nc6 3. Nc3 g6 4. d4 cxd4 5. Nxd4 Bg7 6. Nxc6 bxc6 7. Bd2 d5 8.
e4 dxe4 9. Nxe4 Bxb2 10. Rb1 Bg7 11. Bc3 Bxc3+ 12. Nxc3 Qa5 13. Qd4 Nf6 14. Bd3
O-O 15. O-O Rd8 16. Qe5 Qxe5 0-1

[Event "Tournoi Skype 031B"]
[Site "Skype"]
[Date "????.??.??"]
[Round "7.8"]
[White "Hernandez Monzon, Alejandro"]
[Black "Castanha, Marco"]
[Result "0-1"]
[WhiteElo "1240"]
[BlackElo "1144"]
[PlyCount "122"]

1. e4 e5 2. b3 Nf6 3. d3 Nc6 4. Bb2 Bc5 5. f3 d6 6. Nc3 O-O 7. Qd2 Nd4 8. Nge2
Nxe2 9. Bxe2 c6 10. O-O-O a5 11. g4 b5 12. h4 a4 13. h5 h6 14. g5 hxg5 15. Qxg5
Nh7 16. Qg3 axb3 17. cxb3 Qg5+ 18. Qxg5 Nxg5 19. Rdf1 Bd4 20. Kb1 b4 21. Na4
Bxb2 22. Kxb2 Be6 23. f4 exf4 24. Rxf4 Nh3 25. Rh4 Ng5 26. Rg1 Nh7 27. Bg4 Nf6
28. Bxe6 fxe6 29. Rg6 Kh7 30. Rg5 Rf7 31. e5 dxe5 32. Rxe5 Raf8 33. a3 bxa3+
34. Kxa3 Re7 35. Nc5 Nd7 36. Nxd7 Rxd7 37. Rxe6 Ra7+ 38. Kb2 Rf2+ 39. Kc3 Rf6
40. Rxf6 gxf6 41. Kc4 Kh6 42. b4 Kg5 43. Rh1 f5 44. Kc5 f4 45. Kxc6 f3 46. h6
Ra6+ 47. Kd5 Rxh6 48. Rg1+ Kf4 49. Rf1 Ke3 50. Re1+ Kf2 51. Re4 Kg3 52. Re3 Kf4
53. Re4+ Kg3 54. Re3 Rh5+ 55. Kd4 Rh4+ 56. Kc3 Kg2 57. Kd2 f2 58. Re2 Kg1 59.
Rxf2 Kxf2 60. Kc3 Ke3 61. d4 Rxd4 0-1

[Event "Tournoi Skype 031B"]
[Site "Skype"]
[Date "????.??.??"]
[Round "7.9"]
[White "Guevara, Lizbeth"]
[Black "Franco, Yolima"]
[Result "0-1"]
[WhiteElo "1129"]
[BlackElo "1495"]
[PlyCount "82"]

1. Nf3 d5 2. d4 Nf6 3. Bf4 Ne4 4. Be3 Bg4 5. Nbd2 e6 6. h3 Bh5 7. c3 Be7 8. Qb3
Nd7 9. Qxb7 Rb8 10. Qxa7 Rxb2 11. g4 Bg6 12. Bg2 O-O 13. O-O Nxc3 14. Qa6 Be4
15. Rfc1 Bxf3 16. exf3 Nb5 17. Nf1 Bg5 18. f4 Bh4 19. Rab1 Rxb1 20. Rxb1 Nc3
21. Rb3 Nd1 22. Qe2 Nxe3 23. Nxe3 Nf6 24. Kh2 Qd6 25. Qf3 Ne4 26. a4 Nd2 27.
Nf5 Nxf3+ 28. Rxf3 exf5 29. g5 Re8 30. Bf1 Bxg5 31. Kg2 Bxf4 32. Bb5 c6 33. Bd3
Qg6+ 34. Kf1 Bh2 35. Rg3 Bxg3 36. fxg3 Qxg3 37. Be2 Qxh3+ 38. Ke1 Qe3 39. Kf1
Qxe2+ 40. Kg1 Qd2 41. Kf1 Re1# 0-1

[Event "Tournoi Skype 031B"]
[Site "Skype"]
[Date "????.??.??"]
[Round "7.10"]
[White "Scata, Laura"]
[Black "Khatanhar, Mohit"]
[Result "1/2-1/2"]
[WhiteElo "1370"]
[BlackElo "1139"]
[PlyCount "84"]

1. Nf3 Nc6 2. d4 d5 3. Bf4 Bf5 4. c3 Bxb1 5. Qxb1 Nf6 6. e3 a6 7. Bd3 e6 8. Ne5
Nb8 9. Qc2 Be7 10. O-O O-O 11. Bg5 g6 12. Bh6 Re8 13. Rae1 Bf8 14. Bxf8 Rxf8
15. f4 c6 16. Rf3 Nbd7 17. Rh3 Ne8 18. Qf2 Nxe5 19. fxe5 f5 20. Qg3 Rc8 21. Rh6
Rf6 22. Qh3 Rf7 23. Rf1 Qg5 24. Rf3 Qg4 25. Qxg4 fxg4 26. Rxf7 Kxf7 27. Rxh7+
Ng7 28. Rh6 Nf5 29. Rh7+ Kg8 30. Rxb7 Nxe3 31. Bxg6 Rf8 32. Bh7+ Kh8 33. Bd3
Nd1 34. Bxa6 Rf2 35. a4 Rd2 36. b4 Ne3 37. Bf1 Kg8 38. Rb8+ Kf7 39. Rb7+ Kf8
40. Rb8+ Kf7 41. Rb7+ Kg6 42. Rb8 Kf7 1/2-1/2

[Event "Tournoi Skype 031B"]
[Site "Skype"]
[Date "????.??.??"]
[Round "7.12"]
[White "Mira Poveda, Jose Antonio"]
[Black "Duthoit, Bernard"]
[Result "0-1"]
[WhiteElo "1154"]
[BlackElo "1320"]
[PlyCount "46"]

1. e4 e6 2. Nc3 Bb4 3. b3 Ne7 4. Bb2 O-O 5. Nf3 d5 6. d4 Bxc3+ 7. Bxc3 dxe4 8.
Ng5 Nd5 9. Nxe4 Nxc3 10. Nxc3 Nc6 11. d5 exd5 12. Nxd5 Be6 13. Bc4 Re8 14. Qf3
Bxd5+ 15. Qe3 Rxe3+ 16. fxe3 Bxc4 17. bxc4 Qf6 18. O-O-O Qa1+ 19. Kd2 Rd8+ 20.
Ke2 Rxd1 21. Rxd1 Qxa2 22. Rd2 Qxc4+ 23. Kd1 Qf1# 0-1

[Event "Tournoi Skype 031B"]
[Site "Skype"]
[Date "????.??.??"]
[Round "7.13"]
[White "Linares Vernet, Ana"]
[Black "Ponz Lazaro, Ruperto"]
[Result "1-0"]
[WhiteElo "1142"]
[BlackElo "1312"]
[PlyCount "57"]

1. d4 d5 2. Nf3 Nf6 3. Bf4 e6 4. e3 c5 5. c3 Qb6 6. Qc2 Bd6 7. Bxd6 Qxd6 8. Ne5
O-O 9. Be2 cxd4 10. cxd4 Nbd7 11. Nxd7 Bxd7 12. O-O Bc6 13. Nc3 a6 14. a3 Rfe8
15. Bf3 b5 16. b4 Bb7 17. Qb2 Rec8 18. Rfe1 Rc4 19. Be2 Rc7 20. Bf3 Rac8 21.
Rac1 Nd7 22. Na2 Nb6 23. Rxc7 Rxc7 24. Nc3 Nc4 25. Qa1 e5 26. Be2 exd4 27. exd4
Qf4 28. Bxc4 dxc4 29. Re8# 1-0

[Event "Tournoi Skype 031B"]
[Site "Skype"]
[Date "????.??.??"]
[Round "7.14"]
[White "Hernandez, Enrique"]
[Black "Moumtaz, Abderrahim"]
[Result "1/2-1/2"]
[WhiteElo "1051"]
[BlackElo "1279"]
[PlyCount "128"]

1. d4 Nf6 2. Nf3 d5 3. c4 c6 4. Nc3 e6 5. Bg5 Nbd7 6. cxd5 cxd5 7. e4 Be7 8.
Bxf6 Nxf6 9. e5 Ne4 10. Bd3 Bb4 11. Qa4+ Qd7 12. Qxb4 Nxc3 13. bxc3 a5 14. Qb5
O-O 15. Qxd7 Bxd7 16. Ng5 h6 17. Nf3 Rac8 18. Rc1 b5 19. a3 b4 20. axb4 axb4
21. c4 dxc4 22. Rxc4 Rxc4 23. Bxc4 Rc8 24. Bb3 Rc1+ 25. Bd1 b3 26. O-O b2 27.
Nd2 b1=Q 28. Nxb1 Rxb1 29. Bf3 Rb2 30. d5 exd5 31. Bxd5 Re2 32. f4 Be6 33. Bxe6
fxe6 34. h4 g6 35. Kh2 h5 36. Kh3 Re3+ 37. Rf3 Re1 38. Ra3 Rf1 39. Kg3 Rd1 40.
Ra6 Kf7 41. Ra7+ Kf8 42. Ra3 Rd7 43. Kh3 Rd4 44. Rf3 Rd1 45. g4 Rh1+ 46. Kg3
Rg1+ 47. Kh2 Rxg4 48. Rg3 Kf7 49. Rxg4 hxg4 50. Kg3 Kg7 51. Kxg4 Kh6 52. Kh3
Kh5 53. Kg3 Kh6 54. Kg4 Kh7 55. h5 Kh6 56. hxg6 Kxg6 57. Kg3 Kf5 58. Kf3 Kg6
59. Ke4 Kf7 60. f5 exf5+ 61. Kxf5 Ke7 62. e6 Ke8 63. Kf6 Kf8 64. e7+ Ke8
1/2-1/2

[Event "Tournoi Skype 031B"]
[Site "Skype"]
[Date "????.??.??"]
[Round "7.15"]
[White "Guillaume, Mickael"]
[Black "Bankhede, Shivkumar"]
[Result "1/2-1/2"]
[WhiteElo "1126"]
[BlackElo "1226"]
[PlyCount "96"]

1. d4 d5 2. Nf3 Nf6 3. Bf4 e6 4. e3 Be7 5. Nbd2 O-O 6. Bd3 h6 7. c3 Nbd7 8. Qc2
c6 9. O-O Re8 10. e4 dxe4 11. Nxe4 Nxe4 12. Bxe4 Nf6 13. Bd3 Bd7 14. Rfe1 Rc8
15. Ne5 Nd5 16. Nxf7 Kxf7 17. Bg6+ Kf8 18. Bxe8 Nxf4 19. Bg6 Nxg6 20. Qxg6 Qb6
21. Re2 Be8 22. Qxe6 Qc7 23. Rae1 Bh4 24. Qf5+ Bf7 25. Qh7 Bg8 26. Qh8 Qf7 27.
g3 Bf6 28. Re6 Rd8 29. R1e2 Qg6 30. Kg2 Kf7 31. Re8 Rxe8 32. Rxe8 Kxe8 33.
Qxg8+ Kd7 34. Qb8 b5 35. Qb7+ Kd6 36. Qxa7 Qc2 37. Qa3+ Kd5 38. Qc5+ Ke4 39.
Qxc6+ Kd3 40. Qxb5+ Ke4 41. d5 Qd2 42. a4 Qxd5 43. c4 Qxb5 44. cxb5 Bxb2 45. b6
Kd5 46. b7 Be5 47. a5 Kc6 48. a6 Kb6 1/2-1/2

[Event "Tournoi Skype 031B"]
[Site "Skype"]
[Date "????.??.??"]
[Round "7.17"]
[White "Tolaro, Filippa"]
[Black "Gomez Caballero, Blas"]
[Result "0-1"]
[WhiteElo "1048"]
[BlackElo "1215"]
[PlyCount "62"]

1. Nf3 d5 2. d4 Bg4 3. Nbd2 Nf6 4. e3 e6 5. a3 a6 6. Be2 Nc6 7. O-O Bd6 8. b3
O-O 9. Bb2 Bxf3 10. Nxf3 Ne7 11. Ne5 Ng6 12. f4 Nd7 13. Bd3 Ndxe5 14. dxe5 Be7
15. f5 Nh4 16. f6 g6 17. fxe7 Qxe7 18. Qg4 h5 19. Rf6 hxg4 20. Raf1 Rad8 21.
R1f4 Nf5 22. Rxg4 Nxe3 23. Rg3 Nf5 24. Rh3 Qc5+ 25. Kf1 Ne3+ 26. Ke2 Nxc2 27.
b4 Nd4+ 28. Kd2 Qb6 29. Rf4 Nf5 30. Bxf5 Qg1 31. Be4 dxe4+ 0-1

[Event "Tournoi Skype 031B"]
[Site "Skype"]
[Date "????.??.??"]
[Round "7.19"]
[White "Roberts, Mario"]
[Black "Torres, Vicky"]
[Result "1-0"]
[WhiteElo "1195"]
[BlackElo "1091"]
[PlyCount "73"]

1. c4 d5 2. d4 Nc6 3. Nf3 Nf6 4. Nc3 Bf5 5. Bg5 e6 6. a3 Be7 7. Bxf6 Bxf6 8. e3
O-O 9. b3 dxc4 10. bxc4 Re8 11. Bd3 Bxd3 12. Qxd3 e5 13. d5 Ne7 14. Ne4 Ng6 15.
Nxf6+ Qxf6 16. e4 Nf4 17. Qf1 Qg6 18. Nd2 Nxg2+ 19. Kd1 Qh5+ 20. Kc1 Qh3 21.
Rg1 Qc3+ 22. Kb1 Nf4 23. Qc1 Qd4 24. Qc2 Qxf2 25. Ka2 Qd4 26. Rad1 Qb6 27. c5
Qb5 28. Rb1 Qd3 29. Qd1 Ne2 30. Rb3 Qd4 31. Rxg7+ Kxg7 32. Qxe2 Qxc5 33. Qh5
Rg8 34. Qxe5+ f6 35. Rg3+ Kf7 36. Qe6+ Kf8 37. Rxg8# 1-0

[Event "Tournoi Skype 031B"]
[Site "Skype"]
[Date "????.??.??"]
[Round "7.20"]
[White "Vasquez Donaire, Ivis Godofredo"]
[Black "Llabres, Sergio"]
[Result "0-1"]
[WhiteElo "1000"]
[BlackElo "1181"]
[PlyCount "60"]

1. e4 c6 2. Nf3 d5 3. Nc3 dxe4 4. Nxe4 Bf5 5. Nc3 Nf6 6. d3 e6 7. Be2 h6 8. O-O
Be7 9. h3 Nbd7 10. Be3 Nd5 11. Nxd5 cxd5 12. c3 Nf6 13. Qb3 b6 14. Ne5 Rc8 15.
d4 O-O 16. Bf3 Bd6 17. Qa4 Qc7 18. Qc2 Bxc2 19. Rac1 Bf5 20. b3 Bxe5 21. dxe5
Qxe5 22. c4 dxc4 23. bxc4 Bd3 24. Rfe1 Qf5 25. Bd4 Bxc4 26. Bxf6 Qxf6 27. Re4
Bd5 28. Rxc8 Rxc8 29. Re1 Bxf3 30. gxf3 Qxf3 0-1

[Event "Tournoi Skype 031B"]
[Site "Skype"]
[Date "????.??.??"]
[Round "7.21"]
[White "Luna Perez Vico, Lorenzo"]
[Black "Pages, Philippe"]
[Result "0-1"]
[WhiteElo "1341"]
[BlackElo "1099"]
[PlyCount "154"]

1. e4 e5 2. Nf3 Nf6 3. Nc3 Bc5 4. Nxe5 Nc6 5. Nxc6 dxc6 6. d3 h5 7. h3 Qd4 8.
Be3 Qd6 9. Bxc5 Qxc5 10. d4 Qg5 11. h4 Qg6 12. g3 Bd7 13. Qd3 O-O-O 14. e5 Bf5
15. Qf3 Nd5 16. Nxd5 cxd5 17. Qc3 Bxc2 18. Rc1 Qe4+ 19. Kd2 Qxh1 20. Qxc2 Rd7
21. Bd3 Qh3 22. Qc3 Qe6 23. f4 g6 24. Qc2 Rf8 25. f5 gxf5 26. Bxf5 Qb6 27.
Bxd7+ Kxd7 28. Qf5+ Ke8 29. Qc8+ Ke7 30. Qxc7+ Qxc7 31. Rxc7+ Ke6 32. Rxb7 Rg8
33. Rb3 f5 34. exf6 Kxf6 35. Rf3+ Ke6 36. Re3+ Kd6 37. Ke2 Rf8 38. Rf3 Re8+ 39.
Re3 Rf8 40. Re5 Rh8 41. Rg5 Re8+ 42. Kd3 Rf8 43. Ke3 Re8+ 44. Re5 Rg8 45. Rg5
Re8+ 46. Kd3 Rh8 47. Rg6+ Kc7 48. Rg7+ Kb6 49. Rg6+ Kb5 50. Rg5 Kc6 51. a3 a5
52. a4 Rf8 53. Rg6+ Kb7 54. Re6 Rf3+ 55. Re3 Rf5 56. Kc3 Rf6 57. b3 Rc6+ 58.
Kb2 Rf6 59. Re7+ Kc6 60. Re3 Rf2+ 61. Kc3 Rf6 62. Kd2 Kd7 63. Ke2 Rb6 64. Kd2
Rb4 65. Kc3 Rb6 66. Rf3 Rc6+ 67. Kd2 Rg6 68. Rc3 Rg4 69. Rd3 Kd6 70. Kc3 Re4
71. Kd2 Rg4 72. Kc3 Re4 73. b4 axb4+ 74. Kxb4 Re7 75. a5 Rb7+ 76. Ka4 Rb1 77.
a6 Ra1+ 0-1

[Event "Tournoi Skype 031B"]
[Site "Skype"]
[Date "????.??.??"]
[Round "7.22"]
[White "Fouques Duparc, Paulin"]
[Black "Balci Gungor, Ayca"]
[Result "1/2-1/2"]
[WhiteElo "1228"]
[BlackElo "1145"]
[PlyCount "79"]

1. b4 e6 2. Bb2 d5 3. e3 Nf6 4. a3 Be7 5. c4 O-O 6. cxd5 Nxd5 7. Nc3 Nc6 8. Nf3
Re8 9. Be2 b6 10. b5 Nb8 11. Ne5 Bb7 12. Bh5 g6 13. Qf3 Rf8 14. Nc6 Nxc6 15.
bxc6 Bxc6 16. Qg3 Bd6 17. f4 Qd7 18. O-O Rae8 19. Bf3 Bc5 20. Nxd5 Bxd5 21. Qg5
Be7 22. Qh6 f6 23. g4 Bxf3 24. Rxf3 Qxd2 25. Rh3 Rf7 26. Rb1 Bc5 27. Bxf6 Rxf6
28. Qxh7+ Kf8 29. Qh8+ Ke7 30. Rh7+ Rf7 31. Rxf7+ Kxf7 32. Qh7+ Kf8 33. Qh6+
Kf7 34. Qh7+ Kf8 35. Qh6+ Kf7 36. Qh7+ Kf8 37. Qh6+ Kf7 38. Qh7+ Kf8 39. Qh6+
Kf7 40. Qh7+ 1/2-1/2

[Event "Tournoi Skype 031B"]
[Site "Skype"]
[Date "????.??.??"]
[Round "7.23"]
[White "Le Bouill, Pierre"]
[Black "Marin Gomez, Ian Javier"]
[Result "1-0"]
[WhiteElo "1223"]
[BlackElo "1000"]
[PlyCount "89"]

1. d4 d5 2. Nf3 c6 3. c3 Nf6 4. Bf4 Bf5 5. e3 e6 6. h3 Bd6 7. Be5 O-O 8. Bd3
Re8 9. O-O Qe7 10. Qc2 Bxd3 11. Qxd3 Nbd7 12. Nbd2 Rad8 13. Rfe1 c5 14. b3 h6
15. e4 dxe4 16. Nxe4 Nxe5 17. Nxe5 Bxe5 18. Nxc5 Qc7 19. b4 b6 20. Na6 Qe7 21.
Rxe5 Nd7 22. Re2 e5 23. Nc7 Rf8 24. Nd5 Qe6 25. Nf4 Qd6 26. Nh5 Rfe8 27. Rd1
Nf6 28. Ng3 Rd7 29. Nf5 Qd5 30. Red2 e4 31. Nxh6+ gxh6 32. Qg3+ Kh7 33. Re2 Qd6
34. Qh4 Nd5 35. Rxe4 Nxc3 36. Rxe8 Nxd1 37. Qe4+ Qg6 38. Qa8 Qf6 39. Qe4+ Qg6
40. Qa8 Rxd4 41. Rh8+ Kg7 42. Qg8+ Kf6 43. Qb8 Qf5 44. Rxh6+ Kg7 45. Qh8# 1-0

[Event "Tournoi Skype 031B"]
[Site "Skype"]
[Date "????.??.??"]
[Round "7.25"]
[White "Nontsikelelo, Yvonne"]
[Black "Barba Cepeda, Julio Cesar"]
[Result "1-0"]
[WhiteElo "1044"]
[BlackElo "1173"]
[PlyCount "151"]

1. e4 e5 2. Nf3 Nc6 3. Bc4 Bc5 4. O-O Nf6 5. d3 O-O 6. h3 a6 7. Nc3 d6 8. a3 h6
9. Re1 b5 10. Ba2 Nd4 11. Nxd4 Bxd4 12. Ne2 Ba7 13. Ng3 Nh7 14. Qf3 Bb7 15. Nh5
Nf6 16. Nxf6+ Qxf6 17. Qxf6 gxf6 18. Bxh6 Rfd8 19. c4 Kh7 20. Bd2 Kg7 21. cxb5
axb5 22. Ba5 Rd7 23. Rac1 Rc8 24. g4 Bb8 25. Kg2 Rg8 26. f3 Bc8 27. Bc3 Re7 28.
d4 Ree8 29. dxe5 fxe5 30. Bd5 Be6 31. Bc6 Rd8 32. Bxb5 Rh8 33. Ba5 Rc8 34. Ba6
Rcd8 35. Bxc7 Bxc7 36. Rxc7 Kf6 37. b4 Ra8 38. b5 Rab8 39. a4 Bb3 40. a5 Ba4
41. Rb1 Ra8 42. Rc4 Bxb5 43. Bxb5 Rxa5 44. Ba4 Rha8 45. Rbb4 R8a7 46. h4 R5a6
47. h5 Kg5 48. Kg3 f6 49. Kh3 Ra8 50. Kg3 Kh6 51. Kh4 Rg8 52. Rb1 Rg7 53. Kg3
Kg5 54. Be8 Kh6 55. Bg6 Rg8 56. Rc7 Rh8 57. Rf7 Kg5 58. Rf1 Ra3 59. Rd7 Rd3 60.
Rh1 Kh6 61. Bf5 Rd2 62. Bg6 Rd3 63. Rh2 Rd1 64. Rg2 Rd3 65. Rf2 Rd1 66. Kh2 Rd3
67. Rb7 Rd1 68. Rb3 Ra8 69. Rb7 Rh8 70. f4 Rd4 71. fxe5 fxe5 72. Rf6 Kg5 73.
Rf2 Rxe4 74. Bxe4 Kxg4 75. Rg7+ Kxh5 76. Rf5+ 1-0

[Event "Tournoi Skype 031B"]
[Site "Skype"]
[Date "????.??.??"]
[Round "7.26"]
[White "Prieto Umba, Jairo Ovidio"]
[Black "Gomez Zuluaga, Jorge Adiel"]
[Result "1-0"]
[WhiteElo "1317"]
[BlackElo "1161"]
[PlyCount "81"]

1. e4 e5 2. c4 d6 3. Nc3 Nc6 4. d3 Be7 5. Be2 Nf6 6. h3 Be6 7. Nf3 h6 8. Nd5
Bf8 9. Bd2 Nd4 10. Bc3 Nxf3+ 11. Bxf3 Nxd5 12. cxd5 Bd7 13. O-O Qf6 14. d4 exd4
15. Bxd4 Qg6 16. Bh5 Qxe4 17. Re1 Qxe1+ 18. Qxe1+ Kd8 19. Qc3 f6 20. Bxf6+ Kc8
21. Bd4 b6 22. Re1 Kb7 23. Bf7 Rh7 24. Bg6 Rh8 25. Bf7 Rh7 26. Be6 Be8 27. Rc1
g5 28. Qd3 Re7 29. Bf6 Rxe6 30. dxe6 Bc6 31. e7 Bd7 32. Qd5+ c6 33. Qxd6 Bxe7
34. Qxd7+ Ka6 35. Qd3+ Kb7 36. Bxe7 Rg8 37. Qd7+ Ka6 38. Qxc6 g4 39. Qc4+ Kb7
40. Qxg8 gxh3 41. Qc8# 1-0

[Event "Tournoi Skype 031B"]
[Site "Skype"]
[Date "????.??.??"]
[Round "7.27"]
[White "Hargez, Dany"]
[Black "Crocioni, Luca"]
[Result "0-1"]
[WhiteElo "1296"]
[BlackElo "1148"]
[PlyCount "36"]

1. e4 e5 2. Nf3 Nc6 3. Bc4 Nd4 4. Nxe5 Qg5 5. Bxf7+ Kd8 6. Ng4 d5 7. Bxd5 Bxg4
8. Qxg4 Qxg4 9. O-O Nxc2 10. Bxb7 Rb8 11. f3 Bc5+ 12. Kh1 Qh4 13. Nc3 Nxa1 14.
Bd5 Nc2 15. d3 Bd6 16. h3 Qg3 17. f4 Ne1 18. Ne2 Qxg2# 0-1

[Event "Tournoi Skype 031B"]
[Site "Skype"]
[Date "????.??.??"]
[Round "7.28"]
[White "Koohnavard, Neda"]
[Black "Codina, Teresa"]
[Result "1-0"]
[WhiteElo "1094"]
[BlackElo "1274"]
[PlyCount "45"]

1. e4 c5 2. Nf3 d6 3. c3 Nf6 4. d3 Nc6 5. Bf4 g6 6. h3 Bg7 7. Be2 O-O 8. Qd2
Re8 9. Bh6 Bh8 10. O-O Qb6 11. Be3 a5 12. a4 Bd7 13. Bd1 Rec8 14. Na3 Qd8 15.
Rb1 Bg7 16. Bh6 Nh5 17. Bxg7 Nxg7 18. Bb3 e6 19. Nc4 Rab8 20. Nxd6 Rc7 21. Qg5
Qf8 22. Qh6 b6 23. Ng5 1-0

[Event "Tournoi Skype 031B"]
[Site "Skype"]
[Date "????.??.??"]
[Round "7.29"]
[White "Jimenez Del Rosario, Alsis Raynely"]
[Black "Cengiz, Ali Ekber"]
[Result "1-0"]
[WhiteElo "1093"]
[BlackElo "1266"]
[PlyCount "45"]

1. b3 e5 2. Bb2 Nc6 3. Nf3 d6 4. e4 Nf6 5. Nc3 a6 6. Bc4 h6 7. a4 Bg4 8. h3 Bh5
9. g4 Bg6 10. Qe2 Nb4 11. d4 Nc6 12. O-O-O Nd7 13. dxe5 Ncxe5 14. Nxe5 Nxe5 15.
Nd5 Be7 16. Bxe5 f6 17. Bb2 h5 18. Nxe7 Qxe7 19. Rhe1 Kd7 20. f4 hxg4 21. Qxg4+
Kc6 22. Qxg6 b5 23. Bd5+ 1-0

[Event "Tournoi Skype 031B"]
[Site "Skype"]
[Date "????.??.??"]
[Round "7.30"]
[White "Bucherie, Volcy"]
[Black "Reese, Evan"]
[Result "0-1"]
[WhiteElo "1264"]
[BlackElo "1114"]
[PlyCount "38"]

1. Nf3 d5 2. d4 Nf6 3. c4 dxc4 4. Qa4+ Bd7 5. Qxc4 e6 6. Nc3 Bd6 7. g3 O-O 8.
Bg2 Na6 9. a3 Bc6 10. O-O Qd7 11. Ne5 Bxe5 12. dxe5 Nd5 13. Rd1 b5 14. Qa2 Rad8
15. e4 Nxc3 16. bxc3 Qxd1+ 17. Bf1 Bxe4 18. Bg5 Qf3 19. Bxd8 Qh1# 0-1

[Event "Tournoi Skype 031B"]
[Site "Skype"]
[Date "????.??.??"]
[Round "7.31"]
[White "Barrera Mendoza, Carlos"]
[Black "Lecluyse, Koenraad"]
[Result "1-0"]
[WhiteElo "1240"]
[BlackElo "1096"]
[PlyCount "61"]

1. e4 e5 2. Nf3 Nc6 3. Nc3 Nf6 4. Bb5 Be7 5. O-O O-O 6. Re1 d6 7. h3 a6 8. Bf1
Na5 9. d3 h6 10. Ne2 b5 11. Ng3 c6 12. Nf5 d5 13. Bd2 Nb7 14. Nxe5 dxe4 15.
Nxc6 Qc7 16. Ncxe7+ Kh8 17. Nxc8 Qxc8 18. Ng3 Re8 19. Nxe4 Nxe4 20. Rxe4 Rxe4
21. dxe4 Nd6 22. Bd3 f6 23. Bf4 Nf7 24. Qh5 Kg8 25. Qf5 Qc6 26. e5 fxe5 27. Be4
Qc7 28. Bxa8 exf4 29. Re1 Qd8 30. Bd5 Qc7 31. Re8# 1-0

[Event "Tournoi Skype 031B"]
[Site "Skype"]
[Date "????.??.??"]
[Round "7.32"]
[White "Rodriguez, Nathalie"]
[Black "Bland, Marilyn"]
[Result "1-0"]
[WhiteElo "1224"]
[BlackElo "1077"]
[PlyCount "103"]

1. d4 d6 2. Nf3 Nf6 3. Bf4 g6 4. Nc3 Bg7 5. e3 O-O 6. Bc4 e6 7. h3 Nc6 8. a3
Na5 9. Ba2 Bd7 10. O-O a6 11. Re1 Bc6 12. b4 Bxf3 13. Qxf3 Nc6 14. Rad1 Nh5 15.
Bh2 Ne7 16. Ne2 c6 17. Ng3 Nxg3 18. Bxg3 Nf5 19. Bh2 Rc8 20. c3 c5 21. e4 Nh4
22. Qf4 cxd4 23. g3 Qf6 24. gxh4 Qxf4 25. Bxf4 Rxc3 26. Bxd6 Rd8 27. Be7 Rd7
28. Bc5 Rxh3 29. e5 Rxa3 30. Re2 Bxe5 31. Red2 Rg3+ 32. fxg3 Bxg3 33. Bxd4 Bxh4
34. Bf2 Rxd2 35. Rxd2 Bg5 36. Rd7 b5 37. Ra7 Kg7 38. Rxa6 Bf6 39. Rb6 h5 40.
Rxb5 Be7 41. Bd4+ Bf6 42. Bxf6+ Kxf6 43. Rb8 Ke7 44. b5 Kd7 45. Bb1 Kc7 46. Rf8
f5 47. Rf7+ Kb8 48. b6 h4 49. Bd3 g5 50. Rf6 f4 51. Rxe6 g4 52. Be4 1-0

[Event "Tournoi Skype 031B"]
[Site "Skype"]
[Date "????.??.??"]
[Round "7.33"]
[White "Montilla Bejarano, Mey"]
[Black "Huerta Lopez, Cesar Rogelio"]
[Result "0-1"]
[WhiteElo "1088"]
[BlackElo "1207"]
[PlyCount "84"]

1. d4 Nf6 2. Nf3 d6 3. c4 g6 4. Nc3 c6 5. e4 Bg4 6. Be2 Bxf3 7. Bxf3 e5 8. Qb3
Qb6 9. Bg5 Nbd7 10. Qc2 Qxd4 11. Rd1 Qxc4 12. Be2 Qe6 13. h3 Bg7 14. Rd3 Nc5
15. Rf3 h6 16. Be3 Nh5 17. g3 b6 18. b3 O-O 19. Bc4 Qe7 20. Qd2 Kh7 21. g4 Nf4
22. Bxf4 exf4 23. Qxf4 Bxc3+ 24. Rxc3 Qxe4+ 25. Qxe4 Nxe4 26. Rf3 Kg7 27. h4
Rae8 28. Kd1 d5 29. Ba6 d4 30. Kc2 Nc5 31. Bf1 Re4 32. g5 h5 33. b4 d3+ 34.
Bxd3 Rxb4 35. Kc3 Ra4 36. Kb2 Rd8 37. Bc2 Rb4+ 38. Kc3 Rbd4 39. Rhh3 Ne4+ 40.
Bxe4 Rxe4 41. Re3 Rf4 42. Ref3 Rdd4 0-1

[Event "Tournoi Skype 031B"]
[Site "Skype"]
[Date "????.??.??"]
[Round "7.34"]
[White "Radice, Marco"]
[Black "Mfengu, Daluthando"]
[Result "1-0"]
[WhiteElo "1198"]
[BlackElo "1082"]
[PlyCount "75"]

1. d4 d5 2. Bf4 Bd7 3. Nf3 Nf6 4. h3 h6 5. e3 e6 6. c3 Be7 7. Nbd2 O-O 8. Bd3
Nc6 9. O-O Bd6 10. Ne5 Be8 11. Re1 Nd7 12. Ndf3 Ndxe5 13. dxe5 Be7 14. e4 f6
15. exd5 Qxd5 16. exf6 Bxf6 17. c4 Qd8 18. Rxe6 Bf7 19. Re2 Re8 20. Rd2 Qe7 21.
Qb3 Na5 22. Qb5 b6 23. Re2 Qd8 24. Rd2 c6 25. Qa4 Bh5 26. Bh7+ Kxh7 27. Rxd8
Raxd8 28. Bc7 Rd7 29. Bf4 Bxb2 30. Qc2+ Bg6 31. Qxb2 Nxc4 32. Qc3 b5 33. Nh4
Rd3 34. Qc1 Red8 35. Qe1 Rd1 36. Rxd1 Rxd1 37. Qxd1 Nb2 38. Qd7 1-0

[Event "Tournoi Skype 031B"]
[Site "Skype"]
[Date "????.??.??"]
[Round "7.35"]
[White "Baker, Abi"]
[Black "Alarcon Alarcon, Marina"]
[Result "0-1"]
[WhiteElo "1067"]
[BlackElo "1196"]
[PlyCount "50"]

1. c4 c5 2. Nc3 Nf6 3. e4 d6 4. Nd5 Nxd5 5. cxd5 e6 6. dxe6 Bxe6 7. b3 Be7 8.
Bb2 Bf6 9. d4 O-O 10. a3 cxd4 11. Nf3 Nc6 12. b4 a6 13. Bd3 Bg4 14. Qe2 Ne5 15.
h3 Nxd3+ 16. Qxd3 Bh5 17. g4 Bg6 18. h4 Bxe4 19. Qxe4 Re8 20. Qe2 Rxe2+ 21.
Kxe2 d3+ 22. Kd2 Bxb2 23. Ra2 Qf6 24. Kxd3 Qxf3+ 25. Kc4 Rc8# 0-1

[Event "Tournoi Skype 031B"]
[Site "Skype"]
[Date "????.??.??"]
[Round "7.36"]
[White "Maccaferri, Massimo"]
[Black "Busto, Ricardo"]
[Result "0-1"]
[WhiteElo "1052"]
[BlackElo "1194"]
[PlyCount "36"]

1. b3 Nf6 2. Ba3 d6 3. Nc3 g6 4. e4 Bg7 5. Be2 Nbd7 6. g4 h6 7. Bb2 O-O 8. h4
Ne5 9. g5 Nh7 10. gxh6 Bxh6 11. Bc1 c5 12. d4 Bxc1 13. dxe5 Bh6 14. exd6 exd6
15. Bg4 Bg7 16. Qf3 Bxg4 17. Qd3 Qa5 18. Nge2 Bxe2 0-1